Obra completa

Uloženo v:
Podrobná bibliografie
Hlavní autor: Arteaga, Esteban de
Médium: Kniha
Jazyk:Undetermined
Vydáno: Madrid, España Espasa-Calpe 1972
Témata:
Tagy: Přidat tag
Žádné tagy, Buďte první, kdo vytvoří štítek k tomuto záznamu!

MARC

LEADER 00000nam a2200000Ia 4500
008 170316s9999 xx 000 0 und d
040 |a cru BVZT 
090 |a 862 A-37o 
100 |a Arteaga, Esteban de 
245 |a Obra completa 
260 |a Madrid, España 
260 |b Espasa-Calpe 
260 |c 1972 
300 |a 264 páginas 
650 |a LITERATURA ESPAÑOLA 
650 |a OBRAS 
650 |a ESCRITOS 
999 |c 9446  |d 9446 
942 |c 15 D  |h 862 A-37o  |2 z